000 00690nam a22002057a 4500
999 _c8946
_d8946
003 AR-CdUCM
008 190327b ||||| |||| 00| 0 spa d
020 _a978-607-618-252-9
040 _aMUNICIPALIDAD PROVINCIAL DEL CUSCO
_cBIBLIOTECA MUNICIPAL DEL CUSCO
082 _aSI-0015 /
_bHUE / cue
100 _aHuet-Gomez, Christelle
_924836
245 _aCuentos de Perrault :
_bEl gato con botas ; La caperucita roja ; Pulgarcito /
260 _aMéxico :
_bAdvanced Marketing,
_c2015.
300 _a30 páginas ;
_c22.5 cm.
650 _aCuentos infantiles
_93927
650 _aSiglo XXI
_92856
700 _aSanmchez, Silvia (traducción)
_924837
942 _2ddc
_cLIBROS
945 _aafb